000 00350nam a2200145Ia 4500
005 20251222152646.0
008 251222s9999||||xx |||||||||||||| ||spa||
020 _a8422686112
082 _a813.54/K56
100 _aKing, Stephen
245 0 _aLa Chica que Amaba a Tom Gordon
250 _a1ra.ed.
264 _bCĂ­rculo de Lectores
942 _cLIB
999 _c28267
_d28267